000
00302nam a22001337a 4500
008
171002b xxu||||| |||| 00| 0 eng d
020
_a
0030715970
041
_a
eng
080
_a
159.9
100
_a
48
101
_a
PSI
245
_a
POST-TRAUMATIC STRESS DISORDER
_c
SCRIGNAR,C.B
942
_2
udc
_c
BK
999
_c
31244
_d
31244